000
00279nam a2200121Ia 4500
008
190216s9999||||xx |||||||||||||| ||und||
100
_a
Bryan Newton
245
4
_a
The Must Bediffrential Stories Of Love
260
_b
Collins
300
_a
120
650
_a
English
942
_c
BK
999
_c
13722
_d
13722